[Event "Hampshire Open"]
[Site "Fareham"]
[Date "2024.11.03"]
[Round "5.5"]
[White "Watarkar, Yash"]
[Black "Cave, Iwan"]
[Result "1/2-1/2"]
[WhiteElo "1972"]
[BlackElo "2241"]
[PlyCount "138"]
[EventDate "2024.11.01"]
[EventType "swiss"]
[EventRounds "5"]
[EventCountry "ENG"]
[SourceTitle "BritBase"]
[Source "John Saunders"]
[SourceDate "2025.02.10"]
[SourceVersion "1"]
[SourceVersionDate "2025.02.10"]
[SourceQuality "1"]

1. c4 e5 2. Nc3 Bb4 3. g3 Nf6 4. Bg2 O-O 5. a3 Bxc3 6. dxc3 h6 7. e4 a5 8. a4 d6 9. b3 Nbd7 10. Nh3 Nc5 11. f3 c6 12. Be3 Ne6 13. O-O Qe7 14. Nf2 Rd8 15. f4 Nc7 16. Qe2 Bd7 17. Rfd1 Be8 18. Ra2 b5 19. axb5 cxb5 20. Bb6 a4 21. cxb5 axb3 22. Rxa8 Rxa8 23. c4 Ne6 24. f5 Nd7 25. Be3 Nec5 26. Nd3 Na4 27. Qd2 Nab6 28. Qc3 Rc8 29. Nb2 Nc5 30. Qd2 Nca4 31. Nxa4 Nxa4 32. Bf1 Qb7 33. Bd3 f6 34. Rb1 Nb6 35. Rxb3 Bf7 36. Bxb6 Qxb6+ 37. Qf2 Qa5 38. b6 Qa4 39. b7 Rb8 40. Qb6 Kh7 41. Qb4 Qa1+ 42. Kg2 Qd4 43. Qb6 Qa1 44. Rb1 Qc3 45. Rb3 Qd2+ 46. Qf2 Qc1 47. Qa7 Qd2+ 48. Qf2 Qd1 49. Qc2 Qa1 50. Qb1 Qd4 51. Qg1 Qxg1+ 52. Kxg1 Be8 53. Rb6 Kg8 54. c5 dxc5 55. Bc4+ Kf8 56. Bd5 Ke7 57. Kf2 Kd7 58. Ke3 Kc7 59. Ra6 Bd7 60. Ra8 Bb5 61. Kd2 Bf1 62. Kc3 Be2 63. Ra5 Kb6 64. Ra8 Kc7 65. Kb2 Bf1 66. Ka3 Be2 67. Ka4 Bf1 68. Kb3 Bb5 69. Kc3 Be2 1/2-1/2

[Event "Hampshire Open"]
[Site "Fareham"]
[Date "2024.11.03"]
[Round "5.6"]
[White "Anderson, Thomas R"]
[Black "Moore, John"]
[Result "1/2-1/2"]
[WhiteElo "1868"]
[BlackElo "1605"]
[PlyCount "65"]
[EventDate "2024.11.01"]
[EventType "swiss"]
[EventRounds "5"]
[EventCountry "ENG"]
[SourceTitle "BritBase"]
[Source "John Saunders"]
[SourceDate "2025.02.10"]
[SourceVersion "1"]
[SourceVersionDate "2025.02.10"]
[SourceQuality "1"]

1. Nf3 d5 2. g3 Nf6 3. Bg2 Bg4 4. O-O c6 5. c4 e6 6. Qb3 Qb6 7. d3 Bd6 8. Be3 dxc4 9. Qxb6 axb6 10. dxc4 Nbd7 11. Nc3 O-O 12. h3 Bxf3 13. exf3 Ne5 14. b3 Ned7 15. Rfd1 Be5 16. Bd4 Rfd8 17. f4 Bxd4 18. Rxd4 Nc5 19. Rad1 Rxd4 20. Rxd4 Kf8 21. Rd2 Ke7 22. Kf1 h6 23. Ke2 Ke8 24. Ke3 Ke7 25. Bf3 Ke8 26. Bd1 Ke7 {(=)} 27. b4 Na6 28. b5 Nc5 29. a4 Ncd7 30. bxc6 bxc6 31. Bf3 Rc8 32. Rb2 Kd6 33. Kd4 1/2-1/2

[Event "Hampshire Open"]
[Site "Fareham"]
[Date "2024.11.03"]
[Round "5.7"]
[White "Patel, Zain"]
[Black "Merriman, James"]
[Result "1/2-1/2"]
[WhiteElo "2194"]
[BlackElo "2173"]
[PlyCount "26"]
[EventDate "2024.11.01"]
[EventType "swiss"]
[EventRounds "5"]
[EventCountry "ENG"]
[SourceTitle "BritBase"]
[Source "John Saunders"]
[SourceDate "2025.02.10"]
[SourceVersion "1"]
[SourceVersionDate "2025.02.10"]
[SourceQuality "1"]

1. Nf3 Nf6 2. d4 c5 3. e3 g6 4. c4 Bg7 5. Nc3 O-O 6. Be2 cxd4 7. Nxd4 Nc6 8. Nf3 d6 9. O-O Bf5 10. Bd2 Ne4 11. Nxe4 Bxe4 12. Qc1 Rc8 13. Bc3 Bxc3 1/2-1/2

[Event "Hampshire Open"]
[Site "Fareham"]
[Date "2024.11.03"]
[Round "5.8"]
[White "Bharat Kumar, Balahari"]
[Black "Spirling, Florence"]
[Result "1-0"]
[WhiteElo "2159"]
[BlackElo "1708"]
[PlyCount "117"]
[EventDate "2024.11.01"]
[EventType "swiss"]
[EventRounds "5"]
[EventCountry "ENG"]
[SourceTitle "BritBase"]
[Source "John Saunders"]
[SourceDate "2025.02.10"]
[SourceVersion "1"]
[SourceVersionDate "2025.02.10"]
[SourceQuality "1"]

1. d4 d5 2. c4 e6 3. Nf3 Nf6 4. e3 Be7 5. b3 Nbd7 6. Bb2 c5 7. Nbd2 cxd4 8. exd4 O-O 9. Bd3 Re8 10. O-O b6 11. Ne5 Bb7 12. f4 Ne4 13. cxd5 exd5 14. Nxf7 Kxf7 15. Nxe4 Kg8 16. Nd2 Nf6 17. a3 Bd6 18. Qf3 Qd7 19. h3 Re7 20. Qf2 Ne4 21. Nxe4 dxe4 22. Bc4+ Kh8 23. Bc1 b5 24. Be2 Bd5 25. Qe3 a6 26. Bd2 Qe6 27. b4 Qd7 28. f5 Rf8 29. g4 Qa7 30. Rac1 Ref7 31. Rc5 Bxc5 32. dxc5 Qb7 33. Bc3 Qe7 34. Rd1 Rd8 35. Rf1 Rdf8 36. Rf2 Qc7 37. Bd1 Qb8 38. Bc2 Qe8 39. Bd4 Qe7 40. Rf4 Qe8 41. h4 Kg8 42. h5 h6 43. Bxe4 Bc4 44. Qf3 Rd7 45. Qc3 Re7 46. Qf3 Rd7 47. Qc3 Re7 48. Qe3 Ref7 49. c6 Qd8 50. Kf2 Qh4+ 51. Qg3 Qd8 52. Qe3 Qh4+ 53. Kg2 Qg5 54. Be5 Qe7 55. Qd4 Be6 56. fxe6 Rxf4 57. Bxf4 Rd8 58. Bd5 Rf8 59. Bd6 1-0

[Event "Hampshire Open"]
[Site "Fareham"]
[Date "2024.11.03"]
[Round "5.9"]
[White "Menseitov, Alikhan"]
[Black "Latypova, Olga L"]
[Result "1/2-1/2"]
[WhiteElo "1712"]
[BlackElo "1983"]
[PlyCount "106"]
[EventDate "2024.11.01"]
[EventType "swiss"]
[EventRounds "5"]
[EventCountry "ENG"]
[SourceTitle "BritBase"]
[Source "John Saunders"]
[SourceDate "2025.02.10"]
[SourceVersion "1"]
[SourceVersionDate "2025.02.10"]
[SourceQuality "1"]

1. d4 Nf6 2. c4 g6 3. Nc3 d5 4. Bf4 Bg7 5. Nf3 O-O 6. Rc1 dxc4 7. e4 c5 8. dxc5 Qa5 9. Nd2 Be6 10. Bxc4 Bxc4 11. Nxc4 Qxc5 12. b3 Nc6 13. Be3 Qh5 14. Qxh5 Nxh5 15. g4 Nf6 16. f3 Rfd8 17. Ke2 Ne8 18. Nb5 a6 19. Nc3 Nd4+ 20. Kf2 b5 21. Nb6 Rab8 22. Nbd5 e6 23. Nb4 a5 24. Na6 Rbc8 25. Ne2 Nc2 26. Bc5 Rc6 27. Rxc2 Rxa6 28. Rhc1 Nd6 29. Ke1 Rc6 30. Be3 Rxc2 31. Rxc2 a4 32. bxa4 bxa4 33. Rd2 Nb7 34. Rxd8+ Nxd8 35. Kd2 Nc6 36. f4 g5 37. Nc3 gxf4 38. Bxf4 a3 39. Bd6 Ne5 40. Bxe5 Bxe5 41. h3 Kg7 42. Nb5 Bb2 43. Kc2 Kf6 44. Kb3 Ke5 45. Nxa3 Bxa3 46. Kxa3 Kxe4 47. Kb3 f5 48. a4 f4 49. a5 f3 50. a6 f2 51. a7 f1=Q 52. a8=Q+ Ke5 53. Qh8+ Kd5 1/2-1/2

[Event "Hampshire Open"]
[Site "Fareham"]
[Date "2024.11.03"]
[Round "5.10"]
[White "Warner, Nicholas"]
[Black "Pentakota, Rajasekhar"]
[Result "0-1"]
[WhiteElo "1615"]
[BlackElo "1989"]
[PlyCount "96"]
[EventDate "2024.11.01"]
[EventType "swiss"]
[EventRounds "5"]
[EventCountry "ENG"]
[SourceTitle "BritBase"]
[Source "John Saunders"]
[SourceDate "2025.02.10"]
[SourceVersion "1"]
[SourceVersionDate "2025.02.10"]
[SourceQuality "1"]

1. f4 c5 2. Nf3 Nf6 3. e3 Nc6 4. b3 d5 5. Bb5 Bd7 6. Bxc6 Bxc6 7. Bb2 e6 8. O-O Qc7 9. a4 Bd6 10. Na3 a6 11. Ne5 O-O 12. Qe1 Nd7 13. Nxc6 bxc6 14. Qg3 f6 15. Qg4 Rae8 16. Rf3 e5 17. Rg3 Rf7 18. Rf1 exf4 19. exf4 Re4 20. Rgf3 Ne5 21. Bxe5 fxe5 22. d3 Rexf4 23. Qe6 Qd7 24. Qxd7 Rxd7 25. c4 Rdf7 26. Rxf4 Rxf4 27. Rxf4 exf4 28. Kf2 g5 29. h3 Kf7 30. Kf3 h5 31. Nc2 a5 32. Ne1 Kf6 33. Nc2 Kf5 34. Ne1 g4+ 35. hxg4+ hxg4+ 36. Kf2 Be5 37. Nc2 Bf6 38. Ke2 Bc3 39. Kf2 Kg5 40. g3 fxg3+ 41. Kxg3 Be5+ 42. Kg2 Kf4 43. Kf2 g3+ 44. Kg2 Bc3 45. Na3 d4 46. Nc2 Bd2 47. Na3 Ke3 48. Kxg3 Kxd3 0-1

[Event "Hampshire Open"]
[Site "Fareham"]
[Date "2024.11.03"]
[Round "5.11"]
[White "Bird, Tom"]
[Black "Goodlad, Daniel"]
[Result "1-0"]
[WhiteElo "2077"]
[BlackElo "1789"]
[PlyCount "61"]
[EventDate "2024.11.01"]
[EventType "swiss"]
[EventRounds "5"]
[EventCountry "ENG"]
[SourceTitle "BritBase"]
[Source "John Saunders"]
[SourceDate "2025.02.10"]
[SourceVersion "1"]
[SourceVersionDate "2025.02.10"]
[SourceQuality "1"]

1. Nf3 Nf6 2. e3 g6 3. d4 Bg7 4. c4 O-O 5. Be2 d6 6. Nc3 Nbd7 7. O-O b6 8. b3 Bb7 9. Bb2 Re8 10. Qc2 e5 11. dxe5 Nxe5 12. Nxe5 Rxe5 13. Rfd1 Rg5 14. Bf1 Ng4 15. h3 Nf6 16. f4 Rh5 17. Bd3 Qd7 18. Qf2 Rh6 19. e4 Re8 20. Re1 c5 21. Rad1 Nh5 22. e5 Qd8 23. Be4 Bxe4 24. Nxe4 Nxf4 25. Qxf4 Rh4 26. Qg3 f5 27. Nxd6 f4 28. Nxe8 Qxd1 29. Qxh4 Qd2 30. Nxg7 g5 31. Qf2 1-0

[Event "Hampshire Open"]
[Site "Fareham"]
[Date "2024.11.03"]
[Round "5.12"]
[White "Tarrent-Edwards, Philip"]
[Black "Clancy, Martin J"]
[Result "1-0"]
[WhiteElo "1746"]
[BlackElo "1828"]
[PlyCount "51"]
[EventDate "2024.11.01"]
[EventType "swiss"]
[EventRounds "5"]
[EventCountry "ENG"]
[SourceTitle "BritBase"]
[Source "John Saunders"]
[SourceDate "2025.02.10"]
[SourceVersion "1"]
[SourceVersionDate "2025.02.10"]
[SourceQuality "1"]

1. e4 d6 2. d4 Nf6 3. Nc3 g6 4. f4 Bg7 5. Nf3 O-O 6. Bd3 a6 7. O-O b5 8. e5 dxe5 9. dxe5 Ng4 10. Be4 c6 11. Qe2 h5 12. h3 Qb6+ 13. Kh1 Nh6 14. Be3 Qc7 15. Nd4 Bb7 16. e6 f5 17. Bf3 a5 18. Bxh5 gxh5 19. Qxh5 b4 20. Rf3 Rf6 21. Rg3 Kh7 22. Qg5 Bf8 23. Nxf5 Rxf5 24. Qg6+ Kh8 25. Bd4+ Rf6 26. Ne4 1-0

[Event "Hampshire Open"]
[Site "Fareham"]
[Date "2024.11.03"]
[Round "5.13"]
[White "Cuthbert, Larissa"]
[Black "Piecha, Lukasz Marek"]
[Result "0-1"]
[WhiteElo "1632"]
[BlackElo "1798"]
[PlyCount "80"]
[EventDate "2024.11.01"]
[EventType "swiss"]
[EventRounds "5"]
[EventCountry "ENG"]
[SourceTitle "BritBase"]
[Source "John Saunders"]
[SourceDate "2025.02.10"]
[SourceVersion "1"]
[SourceVersionDate "2025.02.10"]
[SourceQuality "1"]

1. d4 d5 2. c4 e6 3. Nf3 Nf6 4. Nc3 c6 5. Bg5 Bb4 6. e3 Qa5 7. Qc2 Ne4 8. Rc1 Nd7 9. a3 Bxc3+ 10. bxc3 Nxg5 11. Nxg5 dxc4 12. Bxc4 Qxg5 13. f3 Qxe3+ 14. Be2 Nf6 15. Qb2 O-O 16. h4 Nh5 17. Qd2 Qxd2+ 18. Kxd2 Ng3 19. Rh3 Nxe2 20. Kxe2 e5 21. g4 exd4 22. cxd4 Re8+ 23. Kd3 f5 24. Rg3 f4 25. Rg2 Re3+ 26. Kc4 Be6+ 27. Kc5 b6+ 28. Kd6 Bd5 29. Kc7 Re7+ 30. Kd6 Kf7 31. Rxc6 Bxc6 32. Kxc6 Rc8+ 33. Kb5 Rc3 34. Rf2 Rxa3 35. d5 Ra5+ 36. Kc6 Rc5+ 37. Kd6 Ke8 38. Ra2 Rd7+ 39. Ke6 Rcxd5 40. Rc2 R7d6# 0-1

[Event "Hampshire Open"]
[Site "Fareham"]
[Date "2024.11.03"]
[Round "5.14"]
[White "Waters, Andrew"]
[Black "De Coverly, Roger D"]
[Result "0-1"]
[WhiteElo "1872"]
[BlackElo "1972"]
[PlyCount "36"]
[EventDate "2024.11.01"]
[EventType "swiss"]
[EventRounds "5"]
[EventCountry "ENG"]
[SourceTitle "BritBase"]
[Source "John Saunders"]
[SourceDate "2025.02.10"]
[SourceVersion "1"]
[SourceVersionDate "2025.02.10"]
[SourceQuality "1"]

1. e4 e5 2. Nf3 d6 3. c3 Nf6 4. Bb5+ c6 5. Bd3 Be7 6. O-O O-O 7. Bc2 c5 8. d3 Nc6 9. a4 Bd7 10. Na3 Re8 11. Nc4 h6 12. h3 Bf8 13. Bd2 Be6 14. b4 Nxe4 15. Ncxe5 Nxd2 16. Nxc6 Nxf3+ 17. Qxf3 bxc6 18. bxc5 Bd5 0-1

[Event "Hampshire Open"]
[Site "Fareham"]
[Date "2024.11.03"]
[Round "5.15"]
[White "Kirk, Matthew"]
[Black "Hordnes, Niclas"]
[Result "1/2-1/2"]
[WhiteElo "1837"]
[BlackElo "1859"]
[PlyCount "50"]
[EventDate "2024.11.01"]
[EventType "swiss"]
[EventRounds "5"]
[EventCountry "ENG"]
[SourceTitle "BritBase"]
[Source "John Saunders"]
[SourceDate "2025.02.10"]
[SourceVersion "1"]
[SourceVersionDate "2025.02.10"]
[SourceQuality "1"]

1. d4 d5 2. c4 dxc4 3. e3 e6 4. Bxc4 Nf6 5. Nc3 c5 6. Nf3 a6 7. a4 cxd4 8. exd4 Be7 9. O-O O-O 10. Re1 Nbd7 11. Bf4 Nb6 12. Bb3 Nbd5 13. Bg3 b6 14. Ne5 Bb7 15. Rc1 Rc8 16. Nxd5 Nxd5 17. Rxc8 Qxc8 18. Qc1 Nf6 19. f3 Qxc1 20. Rxc1 Rc8 21. Rxc8+ Bxc8 22. Nc6 Kf8 23. Bh4 Nd5 24. Bxe7+ Nxe7 25. Nxe7 Kxe7 1/2-1/2